00714 2200265 4500001002100000005001500021035002000036007000300056008004100059020002200100082001100122084001700133100001800150245005500168250001000223260003300233300003600266500003900302650002600341700001900367700002200386700001800408990001100426990001100437INLIS00000000000340820090103033713 a0010-0109000071ta090103 g 0 ind  a978-602-7637-51-1 a297.98 a297.98 MUH p0 aMUHAMMAD, Ali1 aPara Panglima Islam Penakluk Dunia /cMuhammad Ali acet.5 aJakarta :bUmmul Qura,c2018 axxiv, 527 hlm :bilus. ;c24 cm aJudul asli: Abthalul Fathil Islamy 4aISLAM. BIOGRAFI TOKOH0 aUMAR, Mujtahid0 aFIRMAN, Arifianto0 aARIF, Mahmudi a6614 a a6614 b